En busca del grafo perdido (Record no. 4671)

MARC details
000 -CABECERA
campo de control de longitud fija 02836nam a22002177a 4500
008 - DATOS DE LONGITUD FIJA--INFORMACIÓN GENERAL
campo de control de longitud fija 250516b |||||||| |||| 00| 0 eng d
020 ## - NÚMERO INTERNACIONAL ESTÁNDAR DEL LIBRO
Número Internacional Estándar del Libro 9788434432437
040 ## - FUENTE DE LA CATALOGACIÓN
Centro/agencia transcriptor tbs
041 ## - CÓDIGO DE LENGUA
Código de lengua del texto/banda sonora o título independiente spa
100 ## - ENTRADA PRINCIPAL--NOMBRE DE PERSONA
Nombre de persona Grima, Clara
9 (RLIN) 25246
Término indicativo de función/relación author
245 ## - MENCIÓN DE TÍTULO
Título En busca del grafo perdido
Resto del título : matemáticas con puntos y rayas
Mención de responsabilidad, etc. / Clara Grima ; illustrations by Raquel Gu.
250 ## - MENCIÓN DE EDICIÓN
Mención de edición Third edition.
260 ## - PUBLICACIÓN, DISTRIBUCIÓN, ETC.
Lugar de publicación, distribución, etc. Barcelona :
Nombre del editor, distribuidor, etc. Ariel,
Fecha de publicación, distribución, etc. 2021.
300 ## - DESCRIPCIÓN FÍSICA
Extensión 367 pages ;
Otras características físicas illustrations (color) ;
Dimensiones 23 cm.
504 ## - NOTA DE BIBLIOGRAFÍA, ETC.
Nota de bibliografía, etc. Includes bibliographical references (page 367).
520 ## - SUMARIO, ETC.
Sumario, etc. Esto es un libro sobre grafos. ¿Qué son los grafos? A simple vista se podría pensar que son dibujos simples realizados a partir de puntos y rayas que se unen entre sí. Pero si nos acercamos un poco más y los observamos con cariño y paciencia, descubriremos que son unos objetos matemáticos fascinantes, con un sinfín de aplicaciones sorprendentes, que sirven para analizar las redes sociales, diseñar una liga de fútbol u organizar un banquete de boda. Y siempre de la forma más eficiente y divertida.<br/><br/>Esta sorprendente obra nos revela, a través de ejemplos llamativos e inesperados, cómo estas herramientas, en apariencia muy sencillas, tienen un potencial impresionante para modelar y resolver de manera óptima situaciones o conflictos cotidianos. Para aprender sobre grafos solo hay que ser curioso y saber usar algo en lo que, de momento, no nos ganan los ordenadores: intuición y sentido común. Además, tampoco hace falta tener conocimientos matemáticos previos. Si sabes cuándo un número es par, podrás llegar hasta el final de este libro y disfrutar como niños de la teoría de grafos.
520 ## - SUMARIO, ETC.
Sumario, etc. This is a book about graphs. What are graphs? At first glance, one might think they’re just simple drawings made up of dots and lines connecting them. But if we take a closer look, with patience and curiosity, we’ll discover that they are fascinating mathematical objects, with countless surprising applications—from analyzing social networks to designing a football league or organizing a wedding banquet. And always in the most efficient and fun way.<br/><br/>This remarkable book reveals, through striking and unexpected examples, how these seemingly simple tools have incredible potential to model and optimally solve everyday situations and conflicts. To learn about graphs, all you need is curiosity and the ability to use something that, for now, computers can’t quite beat us at: intuition and common sense. And the best part is, no prior mathematical knowledge is required. If you know when a number is even, you’ll be able to make it to the end of this book and enjoy graph theory like a child at play.
650 #0 - PUNTO DE ACCESO ADICIONAL DE MATERIA--TÉRMINO DE MATERIA
Término de materia o nombre geográfico como elemento de entrada Graph theory
Subdivisión general Popular works
9 (RLIN) 25247
700 ## - ENTRADA AGREGADA--NOMBRE PERSONAL
Nombre de persona Gu, Raquel
Fechas asociadas al nombre 1972-
9 (RLIN) 25248
Término indicativo de función/relación illustrator
942 ## - ELEMENTOS DE ENTRADA AGREGADA (KOHA)
Fuente del sistema de clasificación o colocación Clasificación de Library of Congress
Holdings
Estado de retiro Estado de pérdida Fuente del sistema de clasificación o colocación Estado dañado No para préstamo Biblioteca de origen Biblioteca actual Fecha de adquisición Total de préstamos Signatura topográfica completa Código de barras Fecha visto por última vez Número de copia Precio válido a partir de Tipo de ítem Koha
    Clasificación de Library of Congress     TBS Barcelona TBS Barcelona 16/05/2025   QA166 GRI B05771 16/05/2025 1 16/05/2025 Book

Powered by Koha